Soviet Marxism and nuclear war : an international debate : from the proceedings of the special colloquium of the XVth World Congress of Philosophy /

Bibliographic Details
Corporate Author: World Congress of Philosophy
Other Authors: Somerville, John, 1905-1994
Format: Conference Proceeding Book
Language:English
Published: Westport, Conn : Greenwood Press, [1981]
Series:Contributions in philosophy ; no. 18.
Subjects:

MARC

Tag First Indicator Second Indicator Subfields
LEADER 00000pam a2200000 a 4500
001 in00000074799
005 20151008054801.0
008 801014s1981 ctu b 10100 engm
010 |a  80025820  
020 |a 0313225311 (lib. bdg.) 
035 |a (OCoLC)06916016 
035 |9 AAJ1673AM 
040 |a DLC  |c DLC  |d TXA  |d UtOrBLW 
049 |a TXAM  |c [1167126] 
050 0 0 |a HX545  |b .S68 
082 0 |a 172/.42  |2 19 
245 0 0 |a Soviet Marxism and nuclear war :  |b an international debate : from the proceedings of the special colloquium of the XVth World Congress of Philosophy /  |c edited with an introduction by John Somerville. 
264 1 |a Westport, Conn :  |b Greenwood Press,  |c [1981] 
264 4 |c ©1981 
300 |a xii, 166 pages ;  |c 22 cm. 
336 |a text  |b txt  |2 rdacontent 
337 |a unmediated  |b n  |2 rdamedia 
338 |a volume  |b nc  |2 rdacarrier 
490 1 |a Contributions in philosophy,  |x 0084-926X ;  |v no. 18 
504 |a Includes bibliographical references and index. 
650 0 |a Communism and nuclear warfare  |x Congresses. 
700 1 |a Somerville, John,  |d 1905-1994. 
711 2 |a World Congress of Philosophy. 
830 0 |a Contributions in philosophy ;  |v no. 18. 
999 |a MARS 
999 f f |s dd665945-1bf4-365b-9824-362896943087  |i 5979f464-288a-3bc1-be95-2774838693bb  |t 0 
952 f f |p ric  |a Texas A&M University  |b Rellis Campus  |c Joint Library Facility  |d Remote Storage  |t 0  |e HX545 .S68  |h Library of Congress classification  |i unmediated -- volume  |m A14806148390 
998 f f |a HX545 .S68  |t 0  |l Remote Storage